000 00339nam a2200121Ia 4500
008 180117s9999 xx 000 0 und d
100 _aby Sol Jose Vanzi
245 _aBeauty, Gift or Curse
260 _c2017
300 _a12-13 pages, 2017 March 19
440 _aPhilippine Panorama
650 _aFORCED TO BE BEAUTIFUL AND IMELDA MARCOS
999 _c353608
_d353608